01435nam a22002537a 45000010005000000030006000050050017000110080041000280200018000690400029000870500012001160820010001281000036001382450038001742600050002123000061002624900025003235050008003485200723003565210020010795210020010996500030011197000032011493556FISKH20251218143455.0240320b cb ||||| |||| 00| 0 eng d a9781595450210 aFISKHbengcFISKHdFISKH aQL467.2 a595.7 aNicholas, Christopher eauthor  aBugs ! /cby Christopher Nicolas  aSingapore : bLearning Horizons, Inc , c2001 a24 unnumbered pages : bcolor illustrations ; c19 cm . a Know-It-Alls Series aN  aAs part of the unique, science Know-It-Alls! Series that features stunning covers and engaging text, this book puts the spotlight on Bugs! Did you know that insects have a special body? All insects have a hard shell on the outside called an exoskeleton. Awesome life-like illustrations and informative stat boxes, filled with interesting facts, make this 24-page book fun and exciting for young science enthusiasts age 4 and up! Titles in the Know-It-Alls! Series include: Butterflies, Crocodiles, Dinosaurs, Farm Animals, Safari Babies, Snakes, Sharks, Spiders, Whales, Wolves, Puppies, Wild Cats, Bugs, Birds of Prey, Fish, Frogs, Apes, Seals, Bats, Bears, Predators, Mummies, Volcanoes, Lizards, Kittens and Horses.8 a590 bLexile 8 aN bRaz-Plus  abutterfliesvNon-fiction  aMaydak, Mike eillustrator